The Holy Bible : (Record no. 35263)
[ view plain ]
| 000 -LEADER | |
|---|---|
| fixed length control field | 00651nam a2200169 4500 |
| 008 - FIXED-LENGTH DATA ELEMENTS--GENERAL INFORMATION | |
| fixed length control field | 110126s1990 miu eng |
| 090 ## - LOCALLY ASSIGNED LC-TYPE CALL NUMBER (OCLC); LOCAL CALL NUMBER (OCLC) | |
| Classification number (OCLC) (R) ; Classification number, CALL (RLIN) (NR) | BS196 |
| Local cutter number (OCLC) ; Book number/undivided call number, CALL (RLIN) | B47niv |
| -- | 1990 |
| 130 0# - MAIN ENTRY--UNIFORM TITLE | |
| Uniform title | Bible. English. New International. 1978. |
| 245 10 - TITLE STATEMENT | |
| Title | The Holy Bible : |
| Remainder of title | new International version containing the Old Testament and the New Testament / |
| Statement of responsibility, etc | |
| 250 ## - EDITION STATEMENT | |
| Edition statement | text ed. |
| 260 ## - PUBLICATION, DISTRIBUTION, ETC. (IMPRINT) | |
| Place of publication, distribution, etc | Michigan : |
| Name of publisher, distributor, etc | Zondervan, |
| Date of publication, distribution, etc | c1990. |
| 300 ## - PHYSICAL DESCRIPTION | |
| Extent | 879 p. ; |
| Other physical details | 19 cm. |
| 500 ## - GENERAL NOTE | |
| General note | Cover: NIV compact Bible. text edition.% |
| 650 #4 - SUBJECT ADDED ENTRY--TOPICAL TERM | |
| Topical term or geographic name as entry element | Bible. English |
| General subdivision | Version |
| -- | New International. |
| 951 ## - EQUIVALENCE OR CROSS-REFERENCE-GEOGRAPHIC NAME/AREA NAME [OBSOLETE] [CAN/MARC only] | |
| General subdivision | 00040488 |
| 951 ## - EQUIVALENCE OR CROSS-REFERENCE-GEOGRAPHIC NAME/AREA NAME [OBSOLETE] [CAN/MARC only] | |
| -- | 34183 |
| -- | REFBS196/B47niv/1990 |
| -- | 110126162603234 |
| -- | 2000-12-21 |
| -- | REF |
| Withdrawn status | Lost status | Source of classification or shelving scheme | Damaged status | Not for loan | Home library | Current library | Shelving location | Date acquired | Accession number | Shelving control number | Total Checkouts | Full call number | Barcode | Date last seen | Price effective from | Koha item type |
|---|---|---|---|---|---|---|---|---|---|---|---|---|---|---|---|---|
| Library of Congress Classification | BSOP Library | BSOP Library | Reference | 12/21/2000 | 34183 | 127 | BS196 B47niv 1990 | 00040488 | 02/23/2013 | 02/23/2013 | Books |
